[Event "Catalao op 1st"]
[Site "Catalao"]
[Date "2019.02.09"]
[Round "2"]
[White "De Souza Sa, Apolo"]
[Black "Dos Santos, Leandro Ferreira"]
[Result "1-0"]
[WhiteElo "2020"]
[BlackElo "1447"]
[PlyCount "85"]
[EventDate "2019.02.09"]
[EventType "swiss"]
[EventRounds "5"]
[EventCountry "BRA"]
[SourceTitle "CBM 189 Extra"]
[Source "ChessBase"]
[SourceDate "2019.06.03"]
[SourceVersion "1"]
[SourceVersionDate "2019.06.03"]
[SourceQuality "1"]

1. e4 e6 2. d3 b6 3. g3 Bb7 4. Bg2 g6 5. Nc3 Bg7 6. Nge2 c5 7. Nb5 d6 8. Bf4 Be5 9. Bxe5 dxe5 10. a4 a6 11. Na3 Nd7 12. Nc4 Qc7 13. Nc3 Ne7 14. h4 Nc6 15. h5 0-0-0 16. h6 f5 17. Ne2 Nd4 18. c3 Nc6 19. Qb3 Rhf8 20. Ng1 Kb8 21. Nh3 fxe4 22. dxe4 Na5 23. Nxa5 bxa5 24. Ng5 c4 25. Qc2 Nc5 26. 0-0 Qe7 27. Nh3 Rd3 28. f3 Nb3 29. Rad1 Rfd8 30. Rxd3 Rxd3 31. Rd1 Nc5 32. Nf2 Re3 33. Qd2 Rd3 34. Nxd3 Nxd3 35. Bf1 Qc5+ 36. Kg2 Qd6 37. Bxd3 Qxd3 38. Qxd3 cxd3 39. Rxd3 Kc7 40. Kh3 Bc6 41. b3 Be8 42. Kh4 Bd7 43. Kg5 1-0

[Event "BRA-ch sf2"]
[Site "Brasilia"]
[Date "2018.07.20"]
[Round "2.8"]
[White "Moraes Silva, Carlos Alessandro"]
[Black "Dos Santos, Leandro Ferreira"]
[Result "1-0"]
[WhiteElo "2009"]
[BlackElo "1453"]
[PlyCount "71"]
[EventDate "2018.07.20"]
[EventType "swiss"]
[EventRounds "5"]
[EventCountry "BRA"]
[SourceTitle "EXT 2022"]
[Source "ChessBase"]
[SourceDate "2021.10.06"]
[SourceVersion "1"]
[SourceVersionDate "2021.10.06"]
[SourceQuality "1"]

1. Nf3 d5 2. c4 d4 3. d3 c5 4. g3 Nf6 5. Bg2 Nc6 6. 0-0 e5 7. Na3 a6 8. Re1 Bd6 9. Bg5 0-0 10. Nd2 h6 11. Bxf6 gxf6 12. e4 Kh7 13. Nc2 Rg8 14. Qh5 Rg6 15. Bh3 Qg8 16. Nf3 Bg4 17. Bxg4 Rxg4 18. Qf5+ Qg6 19. Qd7 Rf4 20. Nd2 f5 21. Qxb7 Rg8 22. Qxc6 Rg4 23. exf5 Qxf5 24. Qxd6 Qxd3 25. Qxe5 Qxd2 26. Qf5+ Kh8 27. Rad1 Qg5 28. Qxf7 h5 29. Re7 Qg6 30. Qxg6 R8xg6 31. Re5 R4g5 32. Rde1 h4 33. Kg2 d3 34. Rxg5 Rxg5 35. Ne3 Rg6 36. Rd1 1-0